000 00483nam a2200181Ia 4500
001 9464
005 20260306161720.0
008 260306t2008||||xx |||||||||||||| ||spa||
041 _aESP
082 _a379.12985043
_bA64 2008
100 _aPerú. Ministerio de Educación (Ed.)
_eAUT
245 0 _aAportes de la cooperación técnica alemana a la educación peruana (1975-2007)
260 _c2008
300 _a
_c
650 _aGEN
654 _aCED
942 _cLIB
_dJUS
_fJUS
_2ddc
_n
999 _c9464
_d9464